Measurement of Joint Motion: a guide to goniometry (Record no. 6617)

MARC details
000 -LEADER
fixed length control field 00666nam a22002297a 4500
003 - CONTROL NUMBER IDENTIFIER
control field OSt
005 - DATE AND TIME OF LATEST TRANSACTION
control field 20200207162843.0
008 - FIXED-LENGTH DATA ELEMENTS--GENERAL INFORMATION
fixed length control field 200207b ||||| |||| 00| 0 eng d
020 ## - INTERNATIONAL STANDARD BOOK NUMBER
International Standard Book Number 9780803645660
020 ## - INTERNATIONAL STANDARD BOOK NUMBER
International Standard Book Number 9789352700905
040 ## - CATALOGING SOURCE
Transcribing agency DDC
082 ## - DEWEY DECIMAL CLASSIFICATION NUMBER
Classification number WB200 N778m 2017
100 ## - MAIN ENTRY--PERSONAL NAME
Personal name Norkin, Cynthia C.; White, D. Joyce
9 (RLIN) 13614
245 ## - TITLE STATEMENT
Title Measurement of Joint Motion: a guide to goniometry
250 ## - EDITION STATEMENT
Edition statement 5th ed.
260 ## - PUBLICATION, DISTRIBUTION, ETC. (IMPRINT)
Place of publication, distribution, etc. Philadelphia;
Name of publisher, distributor, etc. F.A. Davis company
Date of publication, distribution, etc. 2017
300 ## - PHYSICAL DESCRIPTION
Extent xviii,571p;
Other physical details Col.ill:
Dimensions 26.5cm
504 ## - BIBLIOGRAPHY, ETC. NOTE
Bibliography, etc Appendices, & index included
650 ## - SUBJECT ADDED ENTRY--TOPICAL TERM
Topical term or geographic name as entry element Medical diagnosis
9 (RLIN) 13615
650 ## - SUBJECT ADDED ENTRY--TOPICAL TERM
Topical term or geographic name as entry element Goniometry
9 (RLIN) 13616
942 ## - ADDED ENTRY ELEMENTS (KOHA)
Source of classification or shelving scheme Other/Generic Classification Scheme
Koha item type Open Shelf
Holdings
Withdrawn status Lost status Source of classification or shelving scheme Damaged status Not for loan Home library Current library Date acquired Source of acquisition Inventory number Total Checkouts Full call number Barcode Date last seen Price effective from Koha item type
    Other/Generic Classification Scheme     MUST Main Library MUST Main Library 07/02/2020 Purchase 17/40456   WB200 N778m 2017 2020-0438 07/02/2020 07/02/2020 Open Shelf
    Other/Generic Classification Scheme     MUST Main Library MUST Main Library 10/09/2021 Purchase 21/41574   WB200 N778m 2017 2021-1134 10/09/2021   Open Shelf
    Other/Generic Classification Scheme     MUST Main Library MUST Main Library 10/09/2021 Purchase 21/41575   WB200 N778m 2017 2021-1140 10/09/2021   Open Shelf